000 00653nam a2200277Ia 4500
005 20260324113847.0
008 008 260324s9999 xx 000 0 eng d
020 _a9781003256755
037 _aEBOOK
040 _aCRL
040 _beng
040 _cCRL
041 _2eng
041 _aeng
084 _qCRL
100 _aTrevor Clohessy
_91148466
245 0 _aBlockchain in Supply Chain Digital Transformation
260 _bTaylor and Francis
260 _c2023
365 _a
365 _b290
856 _uhttp://www.taylorfrancis.com/books/9781003256755
942 _cEBOOK
999 _c1738336
_d1738336